Microsoft Windows 95 resource kit : the techical guide to planning for, installing, configuring, and supporting Windows 95 in your organization : the professional's companion to Windows 95.
Guardado en:
| Autor Corporativo: | |
|---|---|
| Formato: | Libro |
| Idioma: | English |
| Publicado: |
Redmond, WA :
Microsoft Press,
c1995.
|
| Series: | Microsoft professional editions
|
| Materias: | |
| Etiquetas: |
Agregar Etiqueta
Sin Etiquetas, Sea el primero en etiquetar este registro!
|
| LEADER | 00858cam a22002175a 4500 | ||
|---|---|---|---|
| 001 | EIQ.libpla001922 | ||
| 008 | 960731s1995####waua##########001#0#eng#d | ||
| 005 | 20070305174045.0 | ||
| 245 | 0 | 0 | |a Microsoft Windows 95 resource kit : |b the techical guide to planning for, installing, configuring, and supporting Windows 95 in your organization : the professional's companion to Windows 95. |
| 260 | |a Redmond, WA : |b Microsoft Press, |c c1995. | ||
| 300 | |a xviii, 1348 p. : |b il. ; |c 23 cm. + |e 3 CD-ROM (12 cm.) | ||
| 440 | 0 | |a Microsoft professional editions | |
| 500 | |a Incluye índice. | ||
| 020 | |a 1556156782 | ||
| 710 | 2 | |a Microsoft Press. | |
| 082 | 0 | 0 | |a 005.4/3 |2 20 |
| 650 | 4 | |a Sistemas operativos(Computadores) | |
| 650 | 0 | |a Operating systems (Computers) | |
| 010 | |a 96175225 | ||
| 040 | |a DLC |c DLC |d AR-BbSID | ||
| 859 | |a AR-BbSID |b BIB. PLAPIQUI |h 005.43 |i M 58 |p 4762 | ||
